00922nam a22002295i 4500001000700000003000900007005001700016008004100033080002900074100002900103245005700132260008300189300007500272490005800347500001400405500004300419504003000462546008000492600002700572830005800599852003500657177724ES-MaACL20230906220409.0110414s1948 be f |||| | fre d a75 Berghe, Frits van den1 aHecke, Paul Gustave van.10aFrits van den Berghe / cpar Paul-Gustave van Hecke. aAnvers : bDe Sikkel, pour le Ministere de l'Instruction Publique,ccop. 1948. a13, [24] p. de lám. bl. y n. , [2] h. de lám. col. y n. ; c25 cm.1 aMonographies de l'art belge. Deuxième Série ; v9 aÍndice. aFalta 1 lámina, que ha sido cortada. aBibliografía: p. 11-12. aTexto en francés, leyenda de las ilustraciones en francés y holandés.14aBerghe, Frits van den.0 aMonographies de l'art belge. Deuxième Série ; v9 aES-MaACLjE-14914 xOlim P-972